[Event "Solingen Karneval op"]
[Site "Solingen"]
[Date "2011.03.04"]
[Round "1"]
[White "Turco, Alfonso"]
[Black "Stahnecker, Thomas"]
[Result "1-0"]
[WhiteElo "2071"]
[BlackElo "1527"]
[PlyCount "79"]
[EventDate "2011.03.04"]
[EventType "swiss"]
[EventRounds "5"]
[EventCountry "GER"]
[SourceTitle "EXT 2015"]
[Source "ChessBase"]
[SourceDate "2014.11.20"]
[SourceVersion "1"]
[SourceVersionDate "2014.11.20"]
[SourceQuality "1"]

1. b3 Nf6 2. Bb2 e6 3. e3 d5 4. Nf3 Bd6 5. Be2 0-0 6. d3 Nbd7 7. Nbd2 c5 8. c4 b6 9. Qc2 Bb7 10. Rg1 Qc7 11. g4 Ne5 12. Ng5 Ned7 13. h4 e5 14. cxd5 Bxd5 15. 0-0-0 Qb7 16. Kb1 Rfc8 17. e4 Bc6 18. Nc4 Bc7 19. Ne3 Re8 20. Qc4 Rf8 21. Nf5 Rae8 22. Nh3 Kh8 23. g5 Ng8 24. h5 Ne7 25. Ng3 f6 26. g6 h6 27. Bg4 a6 28. Be6 b5 29. Qc1 Qb6 30. Bf7 Rd8 31. f3 a5 32. Nf2 c4 33. Ng4 Ng8 34. Bxg8 Rxg8 35. Nxh6 Rge8 36. Nf7+ Kg8 37. dxc4 Rb8 38. h6 gxh6 39. Qxh6 Nf8 40. Qh8# 1-0

[Event "Karl Mala Memorial op 12th"]
[Site "Frankfurt"]
[Date "2009.07.17"]
[Round "2"]
[White "Stahnecker, Thomas"]
[Black "Patzelt, Nikolaus"]
[Result "0-1"]
[WhiteElo "1505"]
[BlackElo "1838"]
[PlyCount "68"]
[EventDate "2009.07.16"]
[EventType "swiss"]
[EventRounds "7"]
[EventCountry "GER"]
[SourceTitle "EXT 2010"]
[Source "ChessBase"]
[SourceDate "2010.11.25"]
[SourceVersion "1"]
[SourceVersionDate "2010.11.25"]
[SourceQuality "1"]

1. e4 e6 2. d4 d5 3. Nc3 dxe4 4. Nxe4 Nd7 5. Nf3 Ngf6 6. Bd3 Nxe4 7. Bxe4 Nf6 8. Bd3 c5 9. dxc5 Bxc5 10. 0-0 Qb6 11. h3 Bd7 12. Ne5 Rc8 13. Nxd7 Nxd7 14. c3 Nf6 15. Qe2 a6 16. Rb1 Rd8 17. Bc2 0-0 18. Bg5 Rd5 19. Bxf6 gxf6 20. Qg4+ Rg5 21. Qf4 Be7 22. h4 Rg7 23. Rfe1 Kh8 24. Qf3 Rfg8 25. Kf1 Qc7 26. g3 f5 27. Qe3 Bd6 28. Ke2 f4 29. gxf4 Bxf4 30. Qe4 f5 31. Qd4 e5 32. Qd3 e4 33. Qd4 Be5 34. Qe3 Rd8 0-1